000 00780nam a2200289Ia 4500
001 9396
003 IT-RoPAU
008 130308s9999 xx 000 0 und d
040 _aIT-RoPAU
040 _cIT-RoPAU
041 _aITALIANO
100 _aArigoni Anio
100 _gCodice Aut. SPICS: 9805
245 _aCome razionalizzare il nostro futuro
245 _bManipolazione e futuro dell'Uomo
250 _a1a ed.
260 _aBOLOGNA
260 _bEDB - Edizioni Dehoniane
260 _c1972 [1° Ed.:1972 - Ed.Ling.Originale:1972]
300 _a"3 p. (prefazione: no ; testo: 3 [pagine: 27-29])"
650 _aSAGGI TEOLOGIA COMUNICAZIONE SOCIALE
650 _eCodice materia Spics: 9211
942 _cBK
957 _71
999 _c64028
_d64028
999 _bSI
999 _g1